000 00700nam a2200241 a 4500
001 73095
003 BD-RjUL
005 20211209082341.0
008 170528s1964 nyua 001 0 eng d
035 _a(BD-RjUL)73313
040 _aDLC
_cFO
_dBD-RjUL
_beng
041 _aeng
082 _a621.381
_223
_bEDP 1964
100 1 _aEdwin, G.
_9130872
245 1 0 _aPrinciples of feedback design /
_cby G. Edwin and Thomas Roddam.
260 _aNew York :
_bHayden Book Co.,
_cc1964.
300 _a238 p. :
_bill. ;
_c23 cm.
500 _aIncludes index
650 0 _aFeedback (Electronics)
_9216213
700 1 _aRoddam, Thomas,
_ejoint author.
_9216214
942 _2ddc
_cBK
999 _c73095
_d73095